Turn It Off - Paramore - Statistics

General Stats
  • This quiz has been taken 13 times
  • The average score is 252 of 293
Answer Stats
Hint Answer % Correct
a
100%
all
100%
and
100%
Chorus And
100%
any
100%
be
100%
before
100%
better
100%
get
100%
gets
100%
Bridge | Verse 1 I
100%
(I
100%
I'll
100%
i'm
100%
in
100%
is
100%
it
100%
my
100%
off
100%
part
100%
see
100%
the
100%
Verse 2 The
100%
to
100%
turn
100%
worst
100%
anything
83%
bottom
83%
cliff
83%
everyone
83%
find
83%
for
83%
found
83%
hit
83%
it'd
83%
it's
83%
just
83%
like
83%
pride
83%
realize
83%
seems
83%
spite
83%
we
83%
well
83%
we're
83%
when
83%
will
83%
believe
67%
bending
67%
but
67%
can
67%
demon
67%
freefall
67%
getting
67%
harder
67%
headed
67%
hero
67%
keep
67%
knees
67%
know
67%
light
67%
nothing
67%
out
67%
perfection
67%
praying
67%
safest
67%
scraped
67%
selfish
67%
than
67%
thoughts
67%
unending
67%
up
67%
wanna
67%
was
67%
watching
67%
way
67%
what
67%
while
67%
again
50%
are
50%
behind
50%
believing
50%
breaking
50%
come
50%
cranking
50%
curtain
50%
goal
50%
haven
50%
looked
50%
lost
50%
nonexistent
50%
now)
50%
that's
50%
towards
50%
tragedy
50%
turning
50%
wheels
50%
working
50%
false
33%
shortcuts
33%
solutions
33%
taking
33%
or
17%
wrong
17%
No matching quizzes found
Score Distribution
Percent of People with Each Score
Percentile by Number Answered
Your Score History
You have not taken this quiz